00822nam a22002057a 4500003000400000008004100004020001800045082001400063100001800077245005500095260002300150300001000173650003600183700002200219700002100241942001200262999001700274952016300291952016200454OSt250425b |||||||| |||| 00| 0 eng d a9789384266892 a543.8 KHP aKhan, Zamir.G aPractical Book of Instrumental Methods of Analysis aDelhibBirlac2023 avi,68 aInstrumental Method of Analysis aPatil, Prashant.B aShaikh, Martin.S 2ddccBK c13440d13440 00102ddc40708BPaPIETbPIETd2025-04-15eZafaa Books DistributresfRsg150.00kZBD0026l0o543.8 KHPpBP2772r2025-04-25 00:00:00v105.00w2025-04-11yREF 00102ddc40708BPaPIETbPIETd2025-04-15eZafaa Books DistributresfRsg150.00kZBD0026l0o543.8 KHPpBP2773r2025-04-25 00:00:00v105.00w2025-04-11yBK